| 000 | 00579cab a2200169 4500 | ||
|---|---|---|---|
| 001 | L130118 | ||
| 008 | 050624n2005 000 0 eng u | ||
| 035 | _a(Sirsi) u130118 | ||
| 041 | _aeng | ||
| 245 |
_aBenchmark _bnew build/RMI output |
||
| 260 | _c2005 | ||
| 490 |
_aContract Journal _v428(6528) 8 June 2005, 10(1) |
||
| 520 | _aDetails on UK output figures for new build and Repair, Maintenance and Improvement (RMI) output in the infrastructure and private commercial subsectors. | ||
| 590 | _aIKA040705 | ||
| 690 | _aBUILT ENVIRONMENT-CONSTRUCTION MARKET | ||
| 942 | _n0 | ||
| 999 |
_c75456 _d75456 |
||